00334nam a2200121Ia 45000010005000000080041000050820020000461000017000662450064000832600023001479010027001709990015001974168241024s9999 xx 000 0 und d aRD/863.44/R789c aFari Rosario 0aEl columpio de los sonámbulos. Antología de minicuentos bEdiciones CPc2014 a17/8/2016 1:41:48 p.m. c7791d7791